000 01044nam a2200205 a 4500
008 120416s1991 ||||||||||||||||| || u
020 _a0582066980
050 _aTA 405 Whi
100 _aWhitlow, R
245 1 0 _aMaterials and structures. -- 2nd ed.
250 _a2nd ed.
260 _aEssex
_bLongman
_c1991
300 _ax, 402p. : ill
350 _a0.00
650 0 _aMATERIALS
995 _aMAIN LIBRARY OPEN ACCESS
_e734020
_FCBU-MAIN LIBRARY (Kitwe)
_I0.00
_jTA 405 Whi
_M4
_UAVAILABLE
_WSep 10, 2012
_y734020
_ZMain Library Open Access Collection
995 _aBINDERY (DAMAGED)
_D0.00
_e726357
_FCBU-MAIN LIBRARY (Kitwe)
_H3
_I18.99
_jTA 405 Whi
_M1
_UDAMAGED
_y014832
_ZMain Library Open Access Collection
995 _aANNEX COLLECTION (Main Library)
_D0.00
_e726356
_FCBU-MAIN LIBRARY (Kitwe)
_H2
_I18.99
_jTA 405 Whi
_M2
_UAVAILABLE
_y014833
_ZAnnex Low-Usage Collection
995 _aMAIN LIBRARY OPEN ACCESS
_D0.00
_e73420
_FCBU-MAIN LIBRARY (Kitwe)
_H1
_I18.99
_jTA 405 Whi
_M3
_ULOST
_VSep 10, 2012
_WJun 22, 2006
_y45773
_ZMain Library Open Access Collection
999 _c82707
_d82707